000 00385nam a2200133Ia 4500
008 170516s9999 xx 000 0 und d
245 _aModeling cell behavior: moving beyond intuition
260 _bAIMS Bioengineering
260 _c2014
300 _a:1
650 _xMedical Technology
650 _xMedtech
856 _uhttp://www.aimspress.com/journal/Bioengineering/2014/1.html
999 _c330494
_d330494